000 01057 a2200217 4500
001 18807
005 20260407155459.0
008 260407a2010 arg spa d
003 AR-UNSa-BCEJYS
040 _aAR-UNSa-BCEJYS
_bspa
_cAR-UNSa-BCEJYS
080 _a347.77
_xPropiedad industrial, comercial y científica. Derecho sobre patentes y marcas. Registro de modelos, planos, marcas y nombres comerciales
245 1 0 _aGuía sobre patentes farmacéuticas
020 _a978-987-03-1581-0
264 1 _aBuenos Aires :
_bUniversidad de Buenos Aires. Facultad de Derecho. Departamento de Publicaciones
_c2010
300 _axxiii, 247 p.
_c24 cm.
505 _a1. Novedad - 2. Actividad inventiva - 3. Aplicación industrial/utilidad - 4. Métodos de diagnóstico, quirúrgicos y terapéuticos - 5. Segundas indicaciones
942 _cBK
590 _aniveau_biblio:m niveau_hierar:0
100 1 _aCorrea, Carlos María
856 4 1 _uhttps://biblioeco.unsa.edu.ar/pmb/images/libros/Guia sobre patentes farmaceuticas2-l117902.jpg
_yImagen de portada
_qimage/jpeg
999 _c731
_d731